ბათუმის შოთა რუსთაველის სახელმწიფო უნივერსიტეტის ბიბლიოთეკა

სამოქალაქო და სამრეწველო შენობების არქიტექტურა შენობათა კონსტრუქციები : (ბიბ.ჩანაწერი № 56916)

000 -ლიდერი
ფიქსირებული სიგრძის საკონტროლო ველი 01110nam a2200193 4500
003 - საკონტროლო ნომრის იდენტიფიკატორი
საკონტროლო ველი Ge_BSU
005 - ბოლო ოპერაციის თარიღი და დრო
საკონტროლო ველი 20190618172919.0
008 - ფიქსირებული სიგრძის მონაცემთა ელემენტები - ზოგადი ინფორმაცია
ფიქსირებული სიგრძის საკონტროლო ველი 190618b1977 ge ||||| |||| 00| 0 geo d
041 ## - ენის კოდი
Language code of text/sound track or separate title geo
080 ## - უნივერსალური ათობითი კლასიფიკაციის ინდექსი
Universal Decimal Classification number 725.1(075.8) + 725.1 ბ-56
100 ## - მთავარი ჩანაწერი - პიროვნების სახელი
Personal name ბერიშვილი, ა.
9 (RLIN) 2560
245 ## - ცნობა სათაურის შესახებ
Title სამოქალაქო და სამრეწველო შენობების არქიტექტურა შენობათა კონსტრუქციები :
Remainder of title [სახელმძღვ. პოლიტექნ. ინ-ტის სტუდენტებისათვის] /
Statement of responsibility, etc ა. ბერიშვილი
264 ## - წარმოების, გამოცემის, დისტრიბუციის და სხვა ცნობები
გამოცემის, წარმოების, დისტრიბუციის... ადგილი თბილისი :
გამოცემის, წარმოების, დისტრიბუციის... სახელწოდება განათლება,
გამოცემის, წარმოების, დისტრიბუციის... თარიღი 1977.
300 ## - ფიზიკური აღწერა
Extent 351 გვ. :
Other physical details ილ. ;
Dimensions 26 სმ.
653 ## - INDEX TERM--UNCONTROLLED
Uncontrolled term სამოქალაქო შენობების არქიტექტურა
653 ## - INDEX TERM--UNCONTROLLED
Uncontrolled term სამრეწველო შენობების არქიტექტურა
653 ## - INDEX TERM--UNCONTROLLED
Uncontrolled term შენობების კონსტრუქციები
942 ## - ADDED ENTRY ELEMENTS (KOHA)
Source of classification or shelving scheme
Koha item type წიგნი
ეგზემპლარები
ჩამოწერის სტატუსი დაკარგული ეგზემპლარის სტატუსი კლასიფიკაციის წყარო ან თაროზე გაწყობის სქემა დაზიანების სტატუსი არ გაიცემა მუდმივი მდებარეობა (დაცვის ადგილი) ამჟამინდელი ადგილსამყოფელი თაროზე განთავსების ადგილი შეძენის თარიღი ღირებულება, შესყიდვის ნორმალური ფასი სრული შენახვის შიფრი შტრიხკოდი ბოლო ოპერაციის თარიღი ეგზემპლარის მიმდევრობითი ნომერი (კეტერი?) ფასის ძალაში შესვლის თარიღი ეგზემპლარის სახეობა საჯარო შენიშვნა
          ტექნოლოგიური ფაკულტეტის ბიბლიოთეკა ტექნოლოგიური ფაკულტეტის ბიბლიოთეკა წიგნსაცავი 2019-06-18 0.60 725.1(075.8) + 725.1 ბ-56 12340 2019-06-18 12340 2019-06-18 წიგნი 0.60 ლ.